El derecho civil (Registro nro. 160845)

Detalles MARC
000 -LEADER
fixed length control field 01179nam a2200265 a 4500
008 - FIXED-LENGTH DATA ELEMENTS--GENERAL INFORMATION
fixed length control field 091117s2009 sp 001 0 spa c
020 ## - INTERNATIONAL STANDARD BOOK NUMBER
International Standard Book Number 9788498497366
035 ## -
-- 5726
040 ## - CATALOGING SOURCE
Original cataloging agency vLex
090 ## -
-- 2416
-- 2416
245 03 - TITLE STATEMENT
Title El derecho civil
Medium [Recurso electrónico] :
Remainder of title cuaderno I /
Statement of responsibility, etc Carmen Bayod López...[et al.]; coordinadora: María Pilar Ferrer Vanrell
256 ## -
-- Servicio en línea.
260 ## - PUBLICATION, DISTRIBUTION, ETC. (IMPRINT)
Place of publication, distribution, etc Madrid :
Name of publisher, distributor, etc Dykinson,
Date of publication, distribution, etc DL2009
300 ## - PHYSICAL DESCRIPTION
Extent 128 p.
504 ## - BIBLIOGRAPHY, ETC. NOTE
Bibliography, etc Bibliografía
506 1# - RESTRICTIONS ON ACCESS NOTE
Terms governing access Contenido solo disponible en los productos indicados
Authorized users vLex Global
-- vLex Global (Academic Edition, excluding Law Schools)
-- vLex Global (U.S. Academic Edition, Law Schools)
-- vLex Global (U.S. Academic Edition, excluding Law Schools)
-- vLex Global (Academic Edition, Law Schools)
650 #4 - SUBJECT ADDED ENTRY--TOPICAL TERM
Topical term or geographic name as entry element Derecho civil
700 1# - ADDED ENTRY--PERSONAL NAME
Personal name Bayod López, Carmen
700 1# - ADDED ENTRY--PERSONAL NAME
Personal name Ferrer Vanrell, María Pilar
740 0# -
-- vLex Libros (Servicio en línea)
830 #0 -
-- Cuadernos prácticos Bolonia.
-- parte general;
-- 1
856 40 - LOCALIZACIÓN Y ACCESO ELECTRÓNICO
Identificador Uniforme del Recurso (URI/URL) https://app.vlex.com/#/sources/cuadernos-practicos-bolonia-parte-general-cuaderno-derecho-civil-5726
942 ## -
-- RAA
999 ## -
-- 160845
-- 160845

No hay ítems disponibles.


CONTACTO


NOSOTROS


SITIOS DE INTERES

coordinacion.biblioteca.biblioteca@unienlinea.mx Misión, Visión y Objetivos Bases de datos
Directorio Bibliotecas Digitales y Repositorios
Normatividad Revistas y artículos
Convenios interbibliotecarios
Boletines



Hecho en México. Universidad Insurgentes (UIN). Todos los derechos reservados 2024. Esta página y sus contenidos pueden ser reproducidos con fines no lucrativos, siempre y cuando no se mutile, se cite la fuente completa y su dirección electrónicas. De otra forma requiere permiso previo por escrito de la institución




2024 Copyright Universidad Insurgentes | www.bibliouin.com.mx